00301nam a22001337a 4500003000400000005001700004007001000021008004100031020001800072040000600090082001300096245004300109260001500152OSt20250228101814.0163 pages250228b |||||||| |||| 00| 0 eng d a9788129142153 c  a922bKAL aLearning How to flycAbdul Kalam,A.P.J bRupac2024